000 00615nam a22002177a 4500
999 _c172177
_d172177
003 dpl
005 20200128154609.0
008 200128b ||||| |||| 00| 0 eng d
010 _aB-214980
020 _a0143029347
_c425.00
035 _aB-214980
040 _c0
050 _aN
_bDAV
082 _aN
_bDAV
100 _aDavidar, david
245 _aThe House Of Blue Mangoes
_cDavid Davidar
_hEN
260 _aNew Delhi
_bPenguin Books India Pvt. Ltd.
_c2002
270 _a11 community Centre, Panchsheel park
_bNew Delhi
_dIndia
_e110017
300 _a421p.
_c19cms.
942 _2ddc
_cEN
_hN
_iDAV
_kN
_mDAV